| 000 | 01463nam a2200265 a 4500 | ||
|---|---|---|---|
| 999 |
_c447674 _d447674 |
||
| 003 | BLK | ||
| 005 | 20230808085611.0 | ||
| 008 | 220308b bu |||||||||| 00| | bu d | ||
| 040 | _aBLK | ||
| 041 |
_aBUL _cBUL |
||
| 080 |
_aПешеходен туризъм. Туристически походи _b796.51 _x(497.215)(062) _z796.51(497.215)(062) |
||
| 139 |
_aДвадесет туристически маршрута в Русенски окръг _bД 26 |
||
| 245 |
_aДвадесет туристически маршрута в Русенски окръг _bматериали в помощ на профсъюзния и туристически актив по организацията на краткотрайния отдихк _cсъстав. Владимир Тодоров и Антон Алексиев _h[Малотир. изд.] |
||
| 260 |
_9441842 _aРусе _bб. и. _c1982 |
||
| 300 |
_a27 с. _bс ил. _c15х22 см |
||
| 380 | _a79 | ||
| 500 | _aКонсултант : Христо Димов ; Худ. оформл. : Петър Фурнаджиев и Еберхард Унджиян | ||
| 653 | 7 |
_9198787 _aтуристически маршрути |
|
| 653 | 0 |
_9471172 _aРусенски окръг |
|
| 700 |
_91478 _aТодоров, Владимир _eсъстав. |
||
| 700 |
_91478 _aАлексиев, Антон _eсъстав. |
||
| 852 |
_bК _cК 796/799/Д 26 |
||
| 942 |
_cKNG _n0 _s1 _01 |
||
| 944 |
_aCR _c2022-03-08 _k30570 _lМоника Янева |
||